Access - tvorba aplikací podrobný průvodce programátora
Guardado en:
| Autor principal: | |
|---|---|
| Otros Autores: | |
| Formato: | Libro |
| Lenguaje: | checo |
| Publicado: |
Praha
GRADA
1999
|
| Materias: | |
| Etiquetas: |
Sin Etiquetas, Sea el primero en etiquetar este registro!
|
MARC
| LEADER | 00000nam$a2200000$$$4500 | ||
|---|---|---|---|
| 001 | 0021375 | ||
| 005 | 20240111125522.3 | ||
| 020 | |a 80-7169-420-7 | ||
| 041 | 0 | |a cze | |
| 044 | |a CZ | ||
| 245 | 1 | 0 | |a Access - tvorba aplikací |b podrobný průvodce programátora |c Ivo Fikáček, Ivo Rozehnal |
| 264 | 1 | |a Praha |b GRADA |c 1999 | |
| 300 | |a 202 s. | ||
| 610 | 2 | 0 | |a softvér |
| 100 | 1 | |a Fikáček, Ivo | |
| 700 | 1 | |a Rozehnal, Ivo | |